000 00527nam a2200169 i 4500
001 bg
245 0 _aGospodarka w procesie reformowania :
_bpraca zbiorowa /
_cpod red. nauk. Józefa Pajestki ; Polska Akademia Nauk. Instytut Nauk Ekonomicznych.
260 _aWarszawa :
_bPańst. Wydaw. Ekonomiczne,
_c1986.
300 _a423, [1] s. ;
_c21 cm.
020 _a8320805147
040 _cBPK
041 _apol
080 _a338.22(438)"19"
920 _a83-208-0514-7
942 _cKS
008 s pl f |000 0 pol
999 _c3016
_d3016
856 _uhttp://koha.tu.koszalin.pl/cgi-bin/koha/opac-detail.pl?biblionumber=3016
_yKatalog online BPK